| 000 | 00512nam a2200169Ia 4500 | ||
|---|---|---|---|
| 999 |
_c27794 _d27794 |
||
| 003 | OSt | ||
| 005 | 20201218141756.0 | ||
| 008 | 190216s9999||||xx |||||||||||||| ||und|| | ||
| 040 | _coclc | ||
| 082 |
_a894.8121 _bMEN/K |
||
| 100 |
_aMenon, Vyloppilli Sreedhara _96757 |
||
| 245 | 0 |
_aKutiyozhikkal / _cVylopilli Sreedhara Menon |
|
| 260 |
_bNational Book Stall, _c1968. _aCalicut university: |
||
| 300 | _a55p | ||
| 650 | _aKavithkal | ||
| 942 |
_cBK _2ddc _h894.8121 _iMEN/K _k894.8121 _mMEN/K |
||